Paroles : Un jour en France de Noir Désir - Statistiques

Statistiques générales
  • Ce quiz a été pris 51 fois
  • Le résultat moyen est 117 sur 158
Statistiques - réponses
Paroles % Correct
A
100%
À
100%
Au
100%
De
97%
Le
97%
La
94%
Pour
94%
En
92%
Et
92%
France,
92%
France
92%
Les
92%
Qui
92%
Un
92%
Il
89%
C'est
86%
On
86%
Y
86%
Blanches
83%
Dents
83%
Des
83%
Mais
83%
Toujours
81%
Changer
78%
Jour
78%
L'heure
78%
Monnaie
78%
Que
78%
Se
78%
Bien
75%
Discours
75%
Fraternité
75%
Quinze
75%
Rêve
75%
Beaux
72%
Bistrot
72%
Corrompus
72%
Est
72%
Jamais
72%
L'égalité
72%
Ne
72%
Occasion
72%
Poteau
72%
Pourcent
72%
Première
72%
Souffrance
72%
Aussi
69%
Autour
69%
Autre
69%
Avec
69%
Carnassiers
69%
Chacun
69%
Charlie
69%
Encore
69%
Pourris,
69%
Quelques
69%
Celui
67%
Comme
67%
Devra
67%
Mickey
67%
Pas
67%
Peu
67%
Plus
67%
Qu'on
67%
Danse
64%
FN
64%
Je
64%
Allez
61%
Foire
61%
Pointillés
61%
Supprimer
61%
Temps
61%
Fascisants
58%
Gagner
58%
Imprimer
58%
L'audience
58%
Menaces
58%
Passe
58%
Rien
58%
D'accord,
56%
Discuter
56%
Ici
56%
Jure
56%
Mieux
56%
N'en
56%
Parlons
56%
Pognon
56%
Pouvait
56%
Avait
53%
Johnny
53%
Larron
53%
Paul
53%
Prières
53%
Trame
53%
Aujourd'hui,
50%
Défends-moi
50%
Quand
50%
Restent
50%
Vivait
50%
Choix
47%
Face
47%
Jeux,
42%
Pile
42%
L'essence
39%
L'ordre,
36%
Deviendrait
28%
Réminiscences
25%
Ont
22%
Rappellent
19%
Aucun quiz correspondant
Distribution des résultats
% des personnes avec chaque résultat
Percentile par nombre de réponses
Votre historique - résultats
Vous n’avez pas pris ce quiz